| 000 | 00627nam a2200217Ia 4500 | ||
|---|---|---|---|
| 008 | 160517s9999 xx 000 0 und d | ||
| 050 | _aHG 1616 | ||
| 050 | _b.V713 2016 | ||
| 100 | _aVillafuerte, Alvin A. | ||
| 245 | _aProfiling of SISC college students tea drinkers' preferences and influences / | ||
| 245 | _cAlvin A. Villafuerte. | ||
| 260 | _aLas PiƱas, Philippines : | ||
| 260 | _bSISC, | ||
| 260 | _c2016. | ||
| 300 | _a62 pages : | ||
| 300 | _billustrations ; | ||
| 300 | _c28 cm. | ||
| 500 | _aIncludes bibliographical references and appendices. | ||
| 521 | _aBusiness Administration | ||
| 942 | _cTH | ||
| 999 |
_c293969 _d293969 |
||